L' itinerario di don Luigi Rosadoni "ovvero la storia di un prete che cerca nella fede"
| Main Author: | |
|---|---|
| Format: | Print Article |
| Language: | Italian |
| Check availability: | HBZ Gateway |
| Interlibrary Loan: | Interlibrary Loan for the Fachinformationsdienste (Specialized Information Services in Germany) |
| Published: |
2012
|
| In: |
Religioni e società
Year: 2012, Volume: 27, Issue: 72, Pages: 62-74 |
| Standardized Subjects / Keyword chains: | B
Rosadoni, Luigi
|
| RelBib Classification: | KBJ Italy KDB Roman Catholic Church |
MARC
| LEADER | 00000caa a22000002c 4500 | ||
|---|---|---|---|
| 001 | 1646501713 | ||
| 003 | DE-627 | ||
| 005 | 20220616124949.0 | ||
| 007 | tu | ||
| 008 | 160405s2012 xx ||||| 00| ||ita c | ||
| 035 | |a (DE-627)1646501713 | ||
| 035 | |a (DE-576)467250847 | ||
| 035 | |a (DE-599)BSZ467250847 | ||
| 040 | |a DE-627 |b ger |c DE-627 |e rakwb | ||
| 041 | |a ita | ||
| 084 | |a 0 |2 ssgn | ||
| 100 | 1 | |a Albani, Riccardo |4 aut | |
| 245 | 1 | 3 | |a L' itinerario di don Luigi Rosadoni "ovvero la storia di un prete che cerca nella fede" |
| 264 | 1 | |c 2012 | |
| 336 | |a Text |b txt |2 rdacontent | ||
| 337 | |a ohne Hilfsmittel zu benutzen |b n |2 rdamedia | ||
| 338 | |a Band |b nc |2 rdacarrier | ||
| 601 | |a Itinerar | ||
| 652 | |a KBJ:KDB | ||
| 689 | 0 | 0 | |d p |0 (DE-588)128198664 |0 (DE-627)696196425 |0 (DE-576)296968889 |2 gnd |a Rosadoni, Luigi |
| 689 | 0 | |5 (DE-627) | |
| 773 | 0 | 8 | |i In |t Religioni e società |d Pisa : Serra, 1986 |g 27(2012), 72, Seite 62-74 |w (DE-627)169135985 |w (DE-600)896088-4 |w (DE-576)016231732 |x 0394-9397 |7 nnas |
| 773 | 1 | 8 | |g volume:27 |g year:2012 |g number:72 |g pages:62-74 |
| 935 | |a mteo | ||
| 951 | |a AR | ||
| ELC | |b 1 | ||
| ITA | |a 1 |t 1 | ||
| LOK | |0 000 xxxxxcx a22 zn 4500 | ||
| LOK | |0 001 3318917079 | ||
| LOK | |0 003 DE-627 | ||
| LOK | |0 004 1646501713 | ||
| LOK | |0 005 20160405155046 | ||
| LOK | |0 008 160404||||||||||||||||ger||||||| | ||
| LOK | |0 040 |a DE-Tue135 |c DE-627 |d DE-Tue135 | ||
| LOK | |0 092 |o n | ||
| LOK | |0 852 |a DE-Tue135 | ||
| LOK | |0 852 1 |9 00 | ||
| LOK | |0 935 |a ixzs |a ixmi | ||
| LOK | |0 936ln |0 1442048786 |a KBJ | ||
| LOK | |0 936ln |0 1442049839 |a KDB | ||
| LOK | |0 939 |a 04-04-16 |b l01 | ||
| ORI | |a SA-MARC-ixtheoa001.raw | ||
| REL | |a 1 | ||
| SUB | |a REL | ||



